La moral d'Aristote

Salvato in:
Dettagli Bibliografici
Autore principale: Gauthier, René Antoine (Autore)
Natura: Libro
Lingua:francese
Pubblicazione: París Presses Universitaires de France 1963
Edizione:2a. ed
Serie:Initiation Philosophique
Soggetti:
Tags: Aggiungi Tag
Nessun Tag, puoi essere il primo ad aggiungerne!!

MARC

LEADER 00000nam a2200000 a 4500
001 UCY7010
003 CL-VaPUC
008 950602e19630000FR |||||||||||||||||fre|d
082 0 4 |a 185  |b GAU  |2 21 
100 |a Gauthier, René Antoine  |e author  |9 481276 
245 1 3 |a La moral d'Aristote 
250 |a 2a. ed 
300 |a 138 p 
942 |c BK 
945 |d 19950602 00:00:00  |a oaravena 
260 |a París  |b Presses Universitaires de France  |c 1963 
600 0 |a Aristóteles,  |d 384 a.C.- 322 a.C.  |9 194 
650 0 |a Filosofía   |9 223554 
650 0 |a Filosofía antigua   |9 255705 
650 0 |a Filosofía del espíritu  |9 320175 
650 0 |a Ética  |9 255099 
650 7 |a HOMBRE  |2 CL-VaPUC  |9 262149 
650 0 |a Comportamiento moral  |9 334569 
650 0 |a Conceptos morales   |9 310606 
651 0 |a Grecia  |9 265314 
583 |a last modification  |c 19950602 00:00:00  |k Rodrigo Vera 
490 0 |a Initiation Philosophique 
999 |c 234485  |d 234483 
952 |0 0  |1 0  |4 0  |6 185_000000000000000_GAU_1963  |7 0  |8 P  |9 240888  |a BIBEDU  |b BIBEDU  |c BIBEDU_PB  |d 2019-11-18  |i 1514148  |o 185 GAU 1963  |p 1514148  |r 2024-01-25  |w 2019-11-18  |y BK  |k FIL